Atlas ilustrado Labor / (Record no. 186661)
[ view plain ]
| 000 -LEADER | |
|---|---|
| campo de control de longitud fija | 00862nam a2200217 i 4500 |
| 001 - NÚMERO DE CONTROL | |
| campo de control | 186661 |
| 003 - IDENTIFICADOR DE NÚMERO DE CONTROL | |
| campo de control | SpMaBN |
| 005 - FECHA Y HORA DE LA ÚLTIMA TRANSACCIÓN | |
| campo de control | 20250724094357.0 |
| 008 - DATOS DE LONGITUD FIJA--INFORMACIÓN GENERAL | |
| campo de control de longitud fija | 161222s1971 sp abo |||| | spa d |
| 080 ## - NÚMERO DE LA CLASIFICACIÓN DECIMAL UNIVERSAL | |
| Número de la Clasificación Decimal Universal | 912(100) |
| 245 00 - MENCIÓN DEL TÍTULO | |
| Título | Atlas ilustrado Labor / |
| Mención de responsabilidad, etc. | [texto, H. Butze, J. Herrmann, W. Heybrock ; traducción, V. de Artadi y Ormaechea, L. Ogg]. |
| 260 ## - PUBLICACIÓN, DISTRIBUCIÓN, ETC. | |
| Lugar de publicación, distribución, etc. | Barcelona : |
| Nombre del editor, distribuidor, etc. | Labor, |
| Fecha de publicación, distribución, etc. | [1971] |
| 300 ## - DESCRIPCIÓN FÍSICA | |
| Extensión | 196 p., : |
| Otras características físicas | il. col. y n., fot., mapas col. ; |
| Dimensiones | 33 cm. |
| 500 ## - NOTA GENERAL | |
| Nota general | Índices. |
| 505 8# - NOTA DE CONTENIDO CON FORMATO | |
| Nota de contenido con formato | Contiene: ; |
| Título | Astronomía / |
| Mención de responsabilidad | Herrmann, J. -- |
| Título | Historia del descubrimiento de la Tierra / |
| Mención de responsabilidad | H. Butze. -- |
| Título | Naturaleza de la Tierra / |
| Mención de responsabilidad | W. Heybrock |
| 594 ## - Nota al título y mención de responsabilidad | |
| Nota al título y mención de responsabilidad | Complementa a "Geografia ilustrada Labor" |
| 650 #7 - PUNTO DE ACCESO ADICIONAL DE MATERIA--TÉRMINO DE MATERIA | |
| Término de materia o nombre geográfico como elemento de entrada | Atlas |
| Fuente del encabezamiento o término | embne |
| 9 (RLIN) | 10407 |
| 700 1# - ENTRADA AGREGADA--NOMBRE PERSONAL | |
| Nombre de persona | Herrmann, Joachim. |
| 9 (RLIN) | 63374 |
| 852 ## - LOCALIZACIÓN | |
| Ubicación | ES-MaACL |
| Número de control de estantería | L-31132 |
| Nota libre | - enc. guaflex |
| Estatus retirado | Estado de pérdida | Estado de daño | No para préstamo | Biblioteca de origen | Biblioteca actual | Ubicación en estantería | Fecha de adquisición | Fuente de adquisición | Total de préstamos | Signatura topográfica completa | Código de barras | Visto por última vez | Precio de reemplazo | Tipo de ítem Koha |
|---|---|---|---|---|---|---|---|---|---|---|---|---|---|---|
| Biblioteca del Ateneo de Madrid | Biblioteca del Ateneo de Madrid | Depósito 2 | 22/12/2016 | L-31132 | 1196861 | 23/02/2023 | 23/02/2023 | Libro impreso |
